Statistics for Countries With The Most Political Stability

Click here to take the quiz!

General Stats

  • This quiz has been taken 41 times
  • The average score is 38 of 50

Answer Stats

ScoreCountry% Correct
15.6Norway
100%
22.7Sweden
100%
22.2Australia
97%
42.3United Kingdom
97%
47.5United States
97%
25.4Canada
95%
18.1Finland
95%
30.8Japan
95%
17.5Switzerland
95%
20.1Denmark
92%
35.2France
92%
20.8Ireland
92%
23.6Austria
89%
27.7Germany
89%
15.1Iceland
89%
42.8Italy
89%
17.1New Zealand
89%
31.0Portugal
89%
45.1Spain
89%
20.0Netherlands
86%
32.2South Korea
84%
31.7Belgium
81%
25.8Slovenia
81%
43.2Latvia
78%
43.4Poland
78%
18.9Singapore
78%
38.6Slovakia
78%
47.9Argentina
76%
50.1Croatia
76%
39.9Lithuania
76%
20.9Luxembourg
76%
39.6Czech Republic
73%
37.9Estonia
73%
33.9United Arab Emirates
73%
50.6Hungary
70%
50.8Romania
70%
42.6Chile
68%
40.5Costa Rica
68%
47.3Panama
65%
52.4Bulgaria
62%
44.4Israel
59%
37.0Uruguay
59%
37.7Malta
57%
41.1Qatar
54%
49.5Bahamas
51%
49.3Oman
51%
51.3Kuwait
49%
52.0Antigua and Barbuda
43%
46.6Barbados
38%
51.5Trinidad and Tobago
35%

Score Distribution

Percentile by Number Answered

Percent of People with Each Score

Your Score History

You have not taken this quiz